| 000 | 00639nam a2200205Ia 4500 | ||
|---|---|---|---|
| 003 | OSt | ||
| 005 | 20250830100437.0 | ||
| 008 | 210210b1977 xxu||||| |||| 00| 0 eng d | ||
| 040 | _cAL | ||
| 041 | _aKannada | ||
| 082 | _aK894.301 RAMM | ||
| 100 |
_aRAMASVAMI (S) _9166596 _dರಾಮಸ್ವಾಮಿ (ಎಸ್) |
||
| 245 |
_aMalenadina kathegalu _bಮಲೆನಾಡಿನ ಕಥೆಗಳು |
||
| 260 |
_aShivamogga _bParisara Sahitya Prakashana _c1977 |
||
| 300 | _axiv,391 | ||
| 690 |
_aKannada Fiction _9166598 |
||
| 700 |
_aNATARAJ (M B) _dನಟರಾಜ್ (ಎಂ ಬಿ ) _9237969 |
||
| 906 | _aSG01320 | ||
| 942 |
_2ddc _cSG |
||
| 999 |
_c112801 _d112801 |
||